Tracking poverty through panel data: rural poverty in India 1970-1998 (Record no. 493473)

000 -LEADER
fixed length control field 00543cam a22001457a 4500
008 - FIXED-LENGTH DATA ELEMENTS--GENERAL INFORMATION
fixed length control field 180718b2005 xxu||||| |||| 00| 0 eng d
082 ## - DEWEY DECIMAL CLASSIFICATION NUMBER
Classification number Q31X54 B122
100 ## - MAIN ENTRY--PERSONAL NAME
Personal name Bhide, Shashanka
245 ## - TITLE STATEMENT
Title Tracking poverty through panel data: rural poverty in India 1970-1998
Statement of responsibility, etc. by Shashanka Bhide and Aasha Kapur Mehta
260 ## - PUBLICATION, DISTRIBUTION, ETC.
Place of publication, distribution, etc. New Delhi
Name of publisher, distributor, etc. Indian Institute of Public Administration and Chronic Poverty Research Centre
Date of publication, distribution, etc. 2005
300 ## - PHYSICAL DESCRIPTION
Extent 18p.
440 ## - SERIES STATEMENT/ADDED ENTRY--TITLE
Title CPRC-IIPA working paper; no. 28
650 ## - SUBJECT ADDED ENTRY--TOPICAL TERM
Topical term or geographic name entry element Rural poverty
700 ## - ADDED ENTRY--PERSONAL NAME
Personal name Mehta, Aasha Kapur
Holdings
Withdrawn status Lost status Damaged status Not for loan Permanent Location Current Location Date acquired Full call number Barcode Date last seen Price effective from Koha item type
        Indian Institute of Public Administration Indian Institute of Public Administration 2018-08-04 Q31X54 B122 GR17824 2018-08-04 2018-08-04 GR
        Indian Institute of Public Administration Indian Institute of Public Administration 2018-08-04 Q31X54 B122 GR17823 2018-08-04 2018-08-04 GR

Powered by Koha